پنجاب کا بہترین اردو ادب 1992 (Record no. 170746)

MARC details
000 -LEADER
fixed length control field 00442nam a22001697a 4500
005 - DATE AND TIME OF LATEST TRANSACTION
control field 20191224130710.0
010 ## - LCCN (DPL NO)
LC control number B-82979
020 ## - INTERNATIONAL STANDARD BOOK NUMBER
Terms of availability 24.00
035 ## - SYSTEM CONTROL NUMBER
System control number B-82979
037 ## - SOURCE OF ACQUISITION
Source of stock number/acquisition BPPD/Pub.
082 ## - DEWEY DECIMAL CLASSIFICATION NUMBER
Classification number 840
245 ## - TITLE STATEMENT
Title پنجاب کا بہترین اردو ادب 1992
246 ## - VARYING FORM OF TITLE
Title proper/short title Punjab ka Behtreen Urdu Adab 1992 (Urdu)
260 ## - PUBLICATION, DISTRIBUTION, ETC. (IMPRINT)
Date of publication, distribution, etc 1992 ء
300 ## - PHYSICAL DESCRIPTION
Extent 161p.
Dimensions 21cm(Hb)
942 ## - ADDED ENTRY ELEMENTS (KOHA)
Source of classification or shelving scheme Dewey Decimal Classification
Item type Urdu Bks
Classification part 840
Call number suffix پ ن ج
Holdings
Withdrawn status Lost status Not for loan Collection code Home library Current library Date acquired Source of acquisition Cost, normal purchase price Full call number Barcode Copy number Cost, replacement price Koha item type
      Non-fiction Central Library Central Library 24/12/2019 BPPD/Ven. 24.00 840 پ ن ج B-82979 1 24.00 Urdu Bks

© Delhi Public Library
Hit Counter
free hit counter